000 00593cab a2200217 4500
001 WB2722-04
008 090401t1991 xxu||||| |||| 00| 0 eng d
035 _a(Sirsi) u1691
041 _aeng
245 _aContractors` wage rises
260 _c1991
350 _a0
490 _aBuilding
_v256(23) 67 June 1991, 16(1)
520 _aReviews a survey for Building by brokers Grieg Middleton of construction industry wage levels and rises.
650 _aCONTRACTORS
650 _aHOUSE BUILDERS
650 _aSALARIES
690 _aBUILT ENVIRONMENT
942 _n0
948 _c04/03/1997
999 _c965
_d965